[Event "AUT-chT2M 0001"]
[Site "Austria"]
[Date "2000.11.25"]
[Round "4.6"]
[White "Hrazdra, Thomas"]
[Black "Gottsmann, Herbert"]
[Result "1/2-1/2"]
[WhiteElo "2054"]
[BlackElo "2146"]
[PlyCount "26"]
[EventDate "2000.??.??"]
[EventType "team"]
[EventRounds "9"]
[EventCountry "AUT"]
[SourceTitle "EXT 2003"]
[Source "ChessBase"]
[SourceDate "2002.11.25"]
[SourceVersion "1"]
[SourceVersionDate "2002.11.25"]
[SourceQuality "1"]

1. Nf3 Nf6 2. d3 g6 3. Bg5 Bg7 4. c3 d5 5. Nbd2 c6 6. e4 Qc7 7. Be2 0-0 8. 0-0 Nbd7 9. Re1 Re8 10. Bf1 dxe4 11. dxe4 Ng4 12. Bh4 Nde5 13. Bg3 Qb6 1/2-1/2